Представление документа в формате RUSMARC

ПолеНазваниеЗначение
  Тип записи i
  Библиографический уровень m
001 Контрольный номер RU/IS/BASE/490724455
005 Дата корректировки 20201206204948.9
010 Индекс ISBN __
d Цена 521-44
100 Данные общей обработки __
a Данные общей обработки 19150720d2011||||||| 0rusy0189 ca
101 Язык документа 0_
a Язык текста rus
102 Страна публикации __
a Страна публикации ru
105 Кодированные данные (монография) __
a Кодированные данные (монография) nnz||||||||zy
127 Кодированные данные (звукозаписи-физические характеристики) __
a Продолжительность проигрывания 10 ч 54 мин
200 Заглавие и сведения об ответственности 1_
a Заглавие "Миргород"
e Сведения, относящиеся к заглавию повести : [аудиокнига : 12+]
f Первые сведения об ответственности Николай Васильевич Гоголь ; [исполнители: В. Стукалов, А. Климашевский, Д. Кинге]
b Общее обозначение материала Звукозапись
210 Выходные данные __
a Место издания Москва
c Издательство Дистрибутор
d Дата издания 2011
215 Физическое описание __
a Объем 1 электрон. опт. диск (Audio CD)
c Иллюстрации/тип воспроизводства mp3
d Формат 12х14 см
225 Серия __
a Серия Audiobook
230 Специфическая характеристика материала: электронные ресурсы __
a Обозначение и объем ресурса Электронные звуковые данные
323 Примечание о главных создателях, исполнителях, участниках __
a Примечание о главных создателях, исполнителях, участниках Стукалов, В.
323 Примечание о главных создателях, исполнителях, участниках __
a Примечание о главных создателях, исполнителях, участниках Климашевский, А.
323 Примечание о главных создателях, исполнителях, участниках __
a Примечание о главных создателях, исполнителях, участниках Кинге, Д.
327 Примечание о содержании __
a Примечание о содержании Вий
327 Примечание о содержании __
a Примечание о содержании Старосветские помещики
327 Примечание о содержании __
a Примечание о содержании Тарас Бульба
327 Примечание о содержании __
a Примечание о содержании Повесть о том, как поссорился Иван Иванович с Иваном Никифоровичем
330 Аннотация __
a Аннотация В аудиокнигу вошли произведения великого русского писателя Н. В. Гоголя из сборника повестей "Миргород".
333 Примечание о целевом назначении __
a Примечание о целевом назначении 12+. Для детей старше 12 лет
337 Примечание о системных требованиях (электронные ресурсы) __
a Примечание о системных требованиях (электронные ресурсы) Системные требования: MS Windows ; Pentium 100 ; RAM 16 Mb; CD-ROM; SVGA 800x600; звуковая карта; аудиосистемы с поддержкой MP3
517 Другие варианты заглавия __
a Другие варианты заглавия Повести
517 Другие варианты заглавия __
a Другие варианты заглавия Вий
517 Другие варианты заглавия __
a Другие варианты заглавия Старосветские помещики
517 Другие варианты заглавия __
a Другие варианты заглавия Тарас Бульба
517 Другие варианты заглавия __
a Другие варианты заглавия Повесть о том, как поссорился Иван Иванович с Иваном Никифоровичем
606 Тематические рубрики __
a Основная рубрика Художественная литература
606 Тематические рубрики __
a Основная рубрика Русская литература XIX в. (произведения)
610 Ключевые слова __
a Ключевые слова классическая литература
a Ключевые слова повести
a Ключевые слова проза
a Ключевые слова русская классика
a Ключевые слова русская классическая литература
a Ключевые слова тема богослужения
a Ключевые слова тема веры
a Ключевые слова тема войны
a Ключевые слова тема глупости
a Ключевые слова тема души
a Ключевые слова тема жадности
a Ключевые слова тема зла
a Ключевые слова тема мещанства
a Ключевые слова тема нечистой силы
a Ключевые слова тема патриотизма
a Ключевые слова тема помещиков
a Ключевые слова тема пороков
a Ключевые слова тема предательства
a Ключевые слова тема семьи
686 Индексы других классификаций __
2 Код системы rubbks
a Классификационный индекс ст84(2Рос=Рус)1-4я0
700 Автор _1
a Фамилия Гоголь
b Имя Н. В.
f Даты 1809-1852
g Полное личное имя Николай Васильевич
4 Код отношения 070
801 Источник записи _0
a Страна ru
b Организация Муниципальное бюджетное учреждение культуры "Централизованная библиотечная система" г. Сургут (Центральная городская библиотека им. А. С. Пушкина)
c Дата составления 20150720
g Правила каталогизации КиК/Апакова
801 Источник записи _1
a Страна ru
b Организация Муниципальное бюджетное учреждение культуры "Централизованная библиотечная система" г. Сургут (Центральная городская библиотека им. А. С. Пушкина)
c Дата составления 20150720
g Правила каталогизации КиК/Апакова
852 Данные о местонахождении __
j Шифр хранения ст84(2Рос=Рус)1-4я0
i Авторский знак Г 58
901 Тип документа __
t Тип документа 0
903 Характеристики (МАРС) __
a Дата передачи 20150720
969 Тип издания __
a Тип издания аудиокнига; сборник; издание для слепых
990 Данные о заказе (DOS) __
j Количество экземпляров (DOS) 1
t N записи в КСУ для И/У (DOS) 201507